| 000 | 00596nam a2200205Ia 4500 | ||
|---|---|---|---|
| 003 | OSt | ||
| 005 | 20250930145714.0 | ||
| 008 | 220923b |||||||| |||| 00| 0 eng d | ||
| 037 | _cReference. | ||
| 040 |
_aRTL _cRTL _beng |
||
| 041 |
_2eng _aeng |
||
| 084 |
_aR3xL24:g, F9/SC _qRTL |
||
| 100 |
_aKANT, Immanuel. _910597 |
||
| 245 | 0 | _aCritique of pure reason. | |
| 260 |
_aLondon _bMacMillan & Co. _c1964 |
||
| 300 |
_axiii,681p. _ccm. |
||
| 700 |
_a Smith, Norman kemp. _978079 _eTranslator. |
||
| 942 |
_hR3xL24:g, F9/SC _cREF _2CC _n0 |
||
| 999 |
_c572493 _d572493 |
||